|
|
|
|
| LEADER |
00949nam a2200265 u 4500 |
| 001 |
10016685 |
| 003 |
upatras |
| 005 |
20210117205015.0 |
| 008 |
881025s1978 us eng |
| 020 |
|
|
|a 0201408406
|
| 040 |
|
|
|a GR-PaULI
|c GR-PaULI
|
| 041 |
0 |
|
|a eng
|
| 082 |
0 |
4 |
|a 531
|
| 100 |
1 |
|
|a Abraham, Ralph
|9 49825
|
| 245 |
1 |
0 |
|a Foundations of mechanics
|c Ralph Abraham, Jerrold E. Marsden
|
| 250 |
|
|
|a 2nd edition
|
| 260 |
|
|
|a Reading, MA
|b Addison-Wesley Publishing
|c 1978
|
| 300 |
|
|
|a xxii, 806 p.
|b fig.
|c 23 cm
|
| 505 |
1 |
|
|a Includes bibliography, index
|
| 650 |
|
4 |
|a Γεωμετρία, Διαφορική
|9 2180
|
| 650 |
|
4 |
|9 245
|a Μηχανική
|
| 852 |
|
|
|a GR-PaULI
|b ΠΑΤΡΑ
|b ΒΚΠ
|b ΒΣ1
|k ΑΣΧΞ
|h 531 A
|m 35592
|p 025000111228
|t 1
|
| 942 |
|
|
|2 ddc
|c BK15
|
| 952 |
|
|
|0 0
|1 0
|4 0
|6 531_000000000000000_A
|7 0
|9 165767
|a LISP
|b LISP
|c BSC
|d 2016-04-24
|i 35592
|l 0
|o 531 A
|p 025000111228
|r 2016-04-24 00:00:00
|t 1
|w 2016-04-24
|y BK15
|
| 999 |
|
|
|c 103865
|d 103865
|